[Event "SRB-chT2 West"]
[Site "Arandjelovac"]
[Date "2018.10.05"]
[Round "8.3"]
[White "Dzaferovic, Dzafer"]
[Black "Simic, Goran S"]
[Result "1/2-1/2"]
[WhiteElo "1883"]
[BlackElo "2068"]
[PlyCount "29"]
[EventDate "2018.09.07"]
[EventType "team-tourn"]
[EventRounds "11"]
[EventCountry "SRB"]
[SourceTitle "EXT 2021"]
[Source "ChessBase"]
[SourceDate "2020.10.23"]
[SourceVersion "1"]
[SourceVersionDate "2020.10.23"]
[SourceQuality "1"]
[WhiteTeam "Tutin"]
[BlackTeam "Loznica Grad"]
[WhiteTeamCountry "SRB"]
[BlackTeamCountry "SRB"]

1. d4 d5 2. c4 e6 3. Nf3 Nf6 4. Nc3 Be7 5. e3 0-0 6. Bd3 b6 7. 0-0 Bb7 8. b3 Nbd7 9. Qe2 c5 10. Bb2 Rc8 11. cxd5 Nxd5 12. Ba6 Nxc3 13. Bxc3 Qc7 14. Bxb7 Qxb7 15. dxc5 1/2-1/2

[Event "SRB-chT2 West"]
[Site "Arandjelovac"]
[Date "2018.09.08"]
[Round "3.2"]
[White "Simic, Goran S"]
[Black "Glisic, Luka"]
[Result "1-0"]
[WhiteElo "2068"]
[BlackElo "1435"]
[PlyCount "79"]
[EventDate "2018.09.07"]
[EventType "team-tourn"]
[EventRounds "11"]
[EventCountry "SRB"]
[SourceTitle "EXT 2021"]
[Source "ChessBase"]
[SourceDate "2020.10.23"]
[SourceVersion "1"]
[SourceVersionDate "2020.10.23"]
[SourceQuality "1"]
[WhiteTeam "Loznica Grad"]
[BlackTeam "Lipnicki Sor Sloga"]
[WhiteTeamCountry "SRB"]
[BlackTeamCountry "SRB"]

1. d4 Nf6 2. Nf3 e6 3. e3 d5 4. Bd3 c5 5. b3 Nc6 6. Bb2 Be7 7. a3 0-0 8. 0-0 b6 9. Nbd2 Bb7 10. Qe2 Qc7 11. Rac1 Rfe8 12. c4 Qd8 13. dxc5 dxc4 14. Nxc4 Bxc5 15. Rfd1 Qe7 16. b4 b5 17. Nce5 Nxe5 18. Nxe5 Bb6 19. Bxb5 Rec8 20. Nc6 Bxc6 21. Bxc6 Rab8 22. h3 h6 23. Bf3 Rxc1 24. Rxc1 a5 25. Qc4 Ba7 26. Qc7 Qxc7 27. Rxc7 Bb6 28. Rb7 Rxb7 29. Bxb7 Kf8 30. Kf1 Ke7 31. Ke2 g6 32. Kd3 Nd7 33. Kc4 axb4 34. axb4 Kd6 35. Kb5 Bc7 36. Bf3 Ne5 37. Bxe5+ Kxe5 38. Kc6 Bb8 39. b5 Kf6 40. b6 1-0

[Event "SRB-chT2 West"]
[Site "Kragujevac"]
[Date "2017.10.06"]
[Round "7.6"]
[White "Djokovic, Ivan"]
[Black "Simic, Goran S"]
[Result "1-0"]
[WhiteElo "2070"]
[BlackElo "2072"]
[PlyCount "83"]
[EventDate "2017.09.08"]
[EventType "team-tourn"]
[EventRounds "11"]
[EventCountry "SRB"]
[SourceTitle "EXT 2022"]
[Source "ChessBase"]
[SourceDate "2021.10.06"]
[SourceVersion "1"]
[SourceVersionDate "2021.10.06"]
[SourceQuality "1"]

1. e4 d6 2. Nf3 Nf6 3. Nc3 g6 4. Bc4 Bg7 5. 0-0 0-0 6. d3 Nc6 7. a3 Bg4 8. h3 Bxf3 9. gxf3 Qd7 10. Kg2 e5 11. Ne2 Nh5 12. c3 Ne7 13. Ng3 Nf6 14. Bg5 d5 15. Ba2 Rfe8 16. Qb3 c6 17. Rad1 Qc7 18. h4 h5 19. Rfe1 Rad8 20. Rg1 Rd7 21. Kh2 Kh7 22. Rg2 Neg8 23. Rdg1 Re6 24. Qc2 Red6 25. Be3 Bh6 26. d4 Bxe3 27. fxe3 Re6 28. Kh1 Re8 29. Bb1 exd4 30. cxd4 dxe4 31. Nxe4 Nxe4 32. fxe4 Nf6 33. e5 Ng4 34. Rxg4 hxg4 35. h5 Rg8 36. Rxg4 Qd8 37. hxg6+ fxg6 38. Qh2+ Kg7 39. Rxg6+ Kf8 40. Qh6+ Rdg7 41. Ba2 Qa5 42. Rxg7 1-0

[Event "SRB-chT2 West"]
[Site "Vrnjacka Banja"]
[Date "2013.10.11"]
[Round "3"]
[White "Gavrilovic, Leonardo"]
[Black "Simic, Goran S"]
[Result "1-0"]
[WhiteElo "2261"]
[BlackElo "2106"]
[PlyCount "47"]
[EventDate "2013.10.10"]
[EventType "team-tourn"]
[EventRounds "8"]
[EventCountry "SRB"]
[SourceTitle "EXT 2014"]
[Source "ChessBase"]
[SourceDate "2013.11.20"]
[SourceVersion "1"]
[SourceVersionDate "2013.11.20"]
[SourceQuality "1"]

1. Nf3 d5 2. c4 e6 3. d4 Nf6 4. Nc3 Be7 5. Bg5 0-0 6. e3 h6 7. Bh4 b6 8. Qc2 Bb7 9. Bxf6 Bxf6 10. cxd5 exd5 11. g4 c5 12. 0-0-0 cxd4 13. exd4 Qd6 14. Qd2 Nd7 15. h4 Rfc8 16. g5 hxg5 17. hxg5 Be7 18. Bh3 Rd8 19. Bxd7 Qxd7 20. Rh4 Qf5 21. Rdh1 f6 22. Rf4 Qg6 23. Qe3 Bd6 24. Qe6+ 1-0